[Event "EYCC 2024 - O14"]
[Site "?"]
[Date "2024.08.28"]
[Round "6.10"]
[White "Martinovic, David"]
[Black "Auribault, Louis"]
[Result "0-1"]
[BlackElo "2081"]
[WhiteElo "1917"]
[LiveChessVersion "1.4.8"]

1. e4 {[%clk 1:30:57]} c5 {[%clk 1:30:37]} 2. Nf3 {[%clk 1:31:20]} e6
{[%clk 1:31:02]} 3. d4 {[%clk 1:31:44]} cxd4 {[%clk 1:31:27]} 4. Nxd4
{[%clk 1:32:09]} Nf6 {[%clk 1:31:34]} 5. Nc3 {[%clk 1:32:22]} Nc6
{[%clk 1:31:57]} 6. Ndb5 {[%clk 1:31:42]} d6 {[%clk 1:32:21]} 7. Bf4
{[%clk 1:32:08]} e5 {[%clk 1:32:46]} 8. Bg5 {[%clk 1:32:33]} a6 {[%clk 1:33:12]}
9. Na3 {[%clk 1:32:57]} b5 {[%clk 1:33:39]} 10. Nd5 {[%clk 1:33:01]} Be7
{[%clk 1:33:51]} 11. Bxf6 {[%clk 1:33:06]} Bxf6 {[%clk 1:33:52]} 12. c4
{[%clk 1:32:51]} b4 {[%clk 1:33:21]} 13. Nc2 {[%clk 1:33:05]} Rb8
{[%clk 1:32:04]} 14. b3 {[%clk 1:32:18]} Bg5 {[%clk 1:29:37]} 15. g3
{[%clk 1:31:08]} O-O {[%clk 1:28:01]} 16. Bg2 {[%clk 1:28:04]} Be6
{[%clk 1:18:18]} 17. O-O {[%clk 1:26:38]} Bh6 {[%clk 1:14:38]} 18. Qd3
{[%clk 1:16:42]} g6 {[%clk 1:07:29]} 19. Rad1 {[%clk 1:12:59]} Qa5
{[%clk 1:01:57]} 20. Kh1 {[%clk 0:42:29]} Rbd8 {[%clk 0:56:40]} 21. a3
{[%clk 0:27:18]} bxa3 {[%clk 0:49:37]} 22. b4 {[%clk 0:23:50]} Qa4
{[%clk 0:49:59]} 23. Nb6 {[%clk 0:19:20]} Nxb4 {[%clk 0:50:23]} 24. Nxa4
{[%clk 0:18:51]} Nxd3 {[%clk 0:50:52]} 25. Rxd3 {[%clk 0:18:08]} Bxc4
{[%clk 0:51:21]} 26. Rxa3 {[%clk 0:17:58]} Bxf1 {[%clk 0:51:30]} 27. Bxf1
{[%clk 0:18:27]} d5 {[%clk 0:51:22]} 28. exd5 {[%clk 0:06:46]} Rxd5
{[%clk 0:51:44]} 29. Ne3 {[%clk 0:06:54]} Rd2 {[%clk 0:50:42]} 30. Kg2
{[%clk 0:04:00]} Bg7 {[%clk 0:38:57]} 31. Nb6 {[%clk 0:01:51]} f5
{[%clk 0:37:45]} 32. Nbc4 {[%clk 0:00:56]} Rd4 {[%clk 0:37:19]} 33. Nc2
{[%clk 0:00:41]} Rdd8 {[%clk 0:37:44]} 34. Rxa6 {[%clk 0:00:39]} f4
{[%clk 0:37:11]} 35. Be2 {[%clk 0:00:37]} e4 {[%clk 0:37:02]} 36. gxf4
{[%clk 0:00:42]} Rxf4 {[%clk 0:37:30]} 37. Rd6 {[%clk 0:00:40]} Rdf8
{[%clk 0:37:46]} 38. Kh3 {[%clk 0:00:32]} Rxf2 {[%clk 0:38:08]} 39. Bd1
{[%clk 0:00:34]} Bh6 {[%clk 0:37:45]} 40. N2e3 {[%clk 0:00:34]} Bf4
{[%clk 0:38:07]} 41. Ng4 {[%clk 0:00:37]} Bxd6 {[%clk 0:37:32]} 42. Nxf2
{[%clk 0:00:40]} Rxf2 {[%clk 0:37:54]} 43. Nxd6 {[%clk 0:00:41]} Rd2
{[%clk 0:38:10]} 44. Bb3+ {[%clk 0:00:40]} Kf8 {[%clk 0:38:39]} 45. Nxe4
{[%clk 0:00:32]} Rd3+ {[%clk 0:39:08]} 46. Kg4 {[%clk 0:00:38]} Rxb3
{[%clk 0:39:33]} 47. h4 {[%clk 0:00:33]} Kg7 {[%clk 0:39:58]} 48. Ng5
{[%clk 0:00:34]} h6 {[%clk 0:39:14]} 49. Ne6+ {[%clk 0:00:39]} Kf6
{[%clk 0:39:43]} 50. Nf4 {[%clk 0:00:53]} Rb4 {[%clk 0:40:07]} 51. Kf3
{[%clk 0:00:45]} Kf5 {[%clk 0:40:32]} 52. Nd5 {[%clk 0:00:50]} Rb3+
{[%clk 0:40:48]} 53. Kg2 {[%clk 0:01:10]} Kg4 {[%clk 0:41:11]} 54. Ne7
{[%clk 0:01:31]} Rb2+ {[%clk 0:41:37]} 55. Kg1 {[%clk 0:01:41]} Kxh4
{[%clk 0:41:12]} 56. Nxg6+ {[%clk 0:02:00]} Kg3 {[%clk 0:41:41]} 57. Kf1
{[%clk 0:02:12]} h5 {[%clk 0:42:03]} 58. Ne7 {[%clk 0:02:08]} Rf2+
{[%clk 0:42:29]} 59. Kg1 {[%clk 0:02:21]} h4 {[%clk 0:42:53]} 60. Nd5
{[%clk 0:01:45]} h3 {[%clk 0:43:04]} 61. Ne3 {[%clk 0:01:52]} h2+
{[%clk 0:43:16]} 62. Kh1 {[%clk 0:02:15]} Kh3 {[%clk 0:43:42]} 0-1

[Event "EYCC 2024 - O14"]
[Site "?"]
[Date "2024.08.28"]
[Round "6.11"]
[White "Aghazaryan, Albert"]
[Black "Sandmann, Villads Majvang"]
[Result "0-1"]
[BlackElo "2068"]
[WhiteElo "1781"]
[LiveChessVersion "1.4.8"]

1. e4 {[%clk 1:30:57]} c5 {[%clk 1:30:56]} 2. Nf3 {[%clk 1:31:24]} d6
{[%clk 1:31:21]} 3. d4 {[%clk 1:31:51]} cxd4 {[%clk 1:31:46]} 4. Qxd4
{[%clk 1:32:19]} Nc6 {[%clk 1:31:58]} 5. Bb5 {[%clk 1:32:44]} Bd7
{[%clk 1:32:23]} 6. Bxc6 {[%clk 1:33:07]} Bxc6 {[%clk 1:32:47]} 7. Nc3
{[%clk 1:33:27]} Nf6 {[%clk 1:32:00]} 8. Bg5 {[%clk 1:32:54]} e6 {[%clk 1:31:27]}
9. O-O-O {[%clk 1:33:16]} Be7 {[%clk 1:31:03]} 10. Qd3 {[%clk 1:33:40]} Qa5
{[%clk 1:30:01]} 11. h4 {[%clk 1:32:58]} h6 {[%clk 1:26:54]} 12. Bd2
{[%clk 1:33:01]} d5 {[%clk 1:22:51]} 13. e5 {[%clk 1:14:39]} Ng4 {[%clk 1:19:20]}
14. Rhf1 {[%clk 1:12:05]} Qb6 {[%clk 1:14:58]} 15. Be3 {[%clk 1:04:20]} Nxe3
{[%clk 1:14:19]} 16. fxe3 {[%clk 1:04:33]} Qa5 {[%clk 0:59:27]} 17. Nd4
{[%clk 0:58:52]} O-O {[%clk 0:52:26]} 18. Rf4 {[%clk 0:55:06]} Qc7
{[%clk 0:40:38]} 19. Nf3 {[%clk 0:53:59]} Rab8 {[%clk 0:35:53]} 20. g4
{[%clk 0:53:33]} b5 {[%clk 0:32:07]} 21. g5 {[%clk 0:51:30]} b4 {[%clk 0:26:13]}
22. Nb1 {[%clk 0:24:27]} Bb5 {[%clk 0:22:47]} 23. Qd2 {[%clk 0:24:56]} h5
{[%clk 0:21:55]} 24. g6 {[%clk 0:12:15]} fxg6 {[%clk 0:22:10]} 25. Rg1
{[%clk 0:12:24]} Kh7 {[%clk 0:16:24]} 26. Qg2 {[%clk 0:07:04]} Bd3
{[%clk 0:15:30]} 27. Nd4 {[%clk 0:05:22]} Rxf4 {[%clk 0:12:28]} 28. exf4
{[%clk 0:04:47]} Be4 {[%clk 0:10:52]} 29. Qg3 {[%clk 0:04:33]} Bc5
{[%clk 0:05:56]} 30. Qh2 {[%clk 0:01:33]} Bxd4 {[%clk 0:06:06]} 31. Re1
{[%clk 0:01:57]} Rc8 {[%clk 0:06:11]} 0-1

[Event "EYCC 2024 - O14"]
[Site "?"]
[Date "2024.08.28"]
[Round "6.12"]
[White "Alizada, Pasham"]
[Black "Lukhi, Neev"]
[Result "1-0"]
[BlackElo "1934"]
[WhiteElo "2066"]
[LiveChessVersion "1.4.8"]

1. e4 {[%clk 1:30:58]} e6 {[%clk 1:30:55]} 2. d4 {[%clk 1:31:26]} d5 3. exd5
{[%clk 1:31:15]} exd5 {[%clk 1:31:44]} 4. Bd3 {[%clk 1:31:44]} Bd6
{[%clk 1:31:58]} 5. Nf3 {[%clk 1:32:10]} Nf6 {[%clk 1:32:22]} 6. O-O
{[%clk 1:32:20]} O-O {[%clk 1:32:35]} 7. h3 {[%clk 1:32:49]} h6 {[%clk 1:32:40]}
8. Nc3 {[%clk 1:32:39]} c6 {[%clk 1:30:27]} 9. Ne5 {[%clk 1:28:37]} Bxe5
{[%clk 1:09:29]} 10. dxe5 {[%clk 1:29:03]} Nfd7 {[%clk 1:09:47]} 11. Qh5
{[%clk 1:25:08]} Nc5 {[%clk 1:00:12]} 12. f4 {[%clk 1:24:39]} Nxd3
{[%clk 0:49:53]} 13. cxd3 {[%clk 1:25:08]} f6 {[%clk 0:44:35]} 14. d4
{[%clk 1:23:14]} fxe5 {[%clk 0:36:09]} 15. dxe5 {[%clk 1:23:41]} Qb6+
{[%clk 0:31:10]} 16. Kh1 {[%clk 1:22:56]} Bf5 {[%clk 0:25:27]} 17. g4
{[%clk 1:22:34]} Bd3 {[%clk 0:20:30]} 18. Rf3 {[%clk 1:19:29]} Be4
{[%clk 0:16:07]} 19. Nxe4 {[%clk 1:19:56]} dxe4 {[%clk 0:16:30]} 20. Rf1
{[%clk 1:19:09]} Qd4 {[%clk 0:14:01]} 21. Qh4 {[%clk 1:17:36]} Nd7
{[%clk 0:06:15]} 22. Re1 {[%clk 1:16:54]} Nb6 {[%clk 0:05:17]} 23. Be3
{[%clk 1:14:17]} Qxb2 {[%clk 0:05:29]} 24. Rab1 {[%clk 1:14:11]} Qxa2
{[%clk 0:04:53]} 25. f5 {[%clk 1:05:20]} Qd5 {[%clk 0:04:40]} 26. e6
{[%clk 1:02:32]} Qe5 {[%clk 0:02:41]} 27. Red1 {[%clk 0:58:59]} Qf6
{[%clk 0:01:22]} 28. Qf2 {[%clk 0:56:14]} Nd5 {[%clk 0:01:03]} 29. Bc5
{[%clk 0:38:33]} Nc3 {[%clk 0:00:48]} 30. Rd7 {[%clk 0:37:12]} Nxb1
{[%clk 0:00:36]} 31. Bd4 {[%clk 0:37:39]} Qg5 {[%clk 0:00:32]} 32. Rxg7+
{[%clk 0:35:33]} Qxg7 {[%clk 0:00:58]} 33. Bxg7 {[%clk 0:35:57]} Rfd8
{[%clk 0:00:49]} 34. Bxh6 {[%clk 0:35:48]} Rd3 {[%clk 0:01:08]} 35. Qh4
{[%clk 0:35:38]} Rd1+ {[%clk 0:00:49]} 36. Kg2 {[%clk 0:36:03]} Rad8
{[%clk 0:00:43]} 37. Qg5+ {[%clk 0:36:30]} Kh7 {[%clk 0:01:03]} 38. Qg6+
{[%clk 0:36:41]} Kh8 {[%clk 0:01:25]} 39. Qf6+ {[%clk 0:37:09]} Kh7
{[%clk 0:01:46]} 40. Qg7# {[%clk 0:37:33]} 1-0

[Event "EYCC 2024 - O14"]
[Site "?"]
[Date "2024.08.28"]
[Round "6.13"]
[White "Kurt, Sascha"]
[Black "Kviriashvili, Andria"]
[Result "0-1"]
[BlackElo "1918"]
[WhiteElo "2064"]
[LiveChessVersion "1.4.8"]

1. e4 {[%clk 1:30:46]} e6 {[%clk 1:30:55]} 2. d4 {[%clk 1:31:11]} d5
{[%clk 1:31:22]} 3. Nc3 {[%clk 1:31:35]} Nf6 {[%clk 1:31:45]} 4. e5
{[%clk 1:31:59]} Nfd7 {[%clk 1:32:12]} 5. f4 {[%clk 1:32:24]} c5 {[%clk 1:32:39]}
6. Nf3 {[%clk 1:32:50]} Nc6 {[%clk 1:33:07]} 7. Be3 {[%clk 1:33:13]} a6
{[%clk 1:33:32]} 8. a3 {[%clk 1:33:38]} b5 {[%clk 1:18:34]} 9. Bd3
{[%clk 1:33:38]} Qb6 {[%clk 1:18:00]} 10. O-O {[%clk 1:33:45]} Bb7
{[%clk 1:17:08]} 11. f5 {[%clk 1:29:29]} O-O-O {[%clk 1:04:57]} 12. fxe6
{[%clk 1:11:51]} fxe6 {[%clk 1:05:22]} 13. Bf2 {[%clk 0:57:37]} cxd4
{[%clk 0:45:12]} 14. Re1 {[%clk 0:46:00]} Bc5 {[%clk 0:32:06]} 15. Na2
{[%clk 0:41:54]} Rdf8 {[%clk 0:23:08]} 16. b4 {[%clk 0:40:50]} Be7
{[%clk 0:22:11]} 17. c3 {[%clk 0:37:01]} Ndxe5 {[%clk 0:18:48]} 18. Nxe5
{[%clk 0:34:02]} Rxf2 {[%clk 0:19:13]} 19. Nxc6 {[%clk 0:33:51]} Bxc6
{[%clk 0:19:07]} 20. Kxf2 {[%clk 0:28:58]} dxc3+ {[%clk 0:19:25]} 21. Kg3
{[%clk 0:29:07]} Qd4 {[%clk 0:17:44]} 22. Be4 {[%clk 0:26:56]} Qe5+
{[%clk 0:13:44]} 23. Kf2 {[%clk 0:26:32]} dxe4 {[%clk 0:14:08]} 24. Kg1
{[%clk 0:25:23]} Bd6 {[%clk 0:14:34]} 25. g3 {[%clk 0:25:45]} Bc7
{[%clk 0:15:00]} 26. Qg4 {[%clk 0:14:54]} Qd4+ {[%clk 0:13:29]} 27. Kg2
{[%clk 0:15:04]} e3+ {[%clk 0:13:53]} 28. Kh3 {[%clk 0:15:31]} Bg2+
{[%clk 0:14:16]} 29. Kh4 {[%clk 0:15:58]} Bd8+ {[%clk 0:14:36]} 30. Kh5
{[%clk 0:16:19]} Qe5+ {[%clk 0:15:02]} 31. Qg5 {[%clk 0:16:43]} Qxg5# 0-1

[Event "EYCC 2024 - O14"]
[Site "?"]
[Date "2024.08.28"]
[Round "6.14"]
[White "Ghazaryan, Narek E."]
[Black "Heino, Pessi"]
[Result "1-0"]
[BlackElo "1820"]
[WhiteElo "2057"]
[LiveChessVersion "1.4.8"]

1. d4 {[%clk 1:30:53]} d5 {[%clk 1:30:58]} 2. c4 {[%clk 1:31:17]} c6
{[%clk 1:31:27]} 3. Nf3 {[%clk 1:31:36]} Nf6 {[%clk 1:31:52]} 4. Nc3
{[%clk 1:32:02]} a6 {[%clk 1:32:19]} 5. c5 {[%clk 1:30:49]} Bf5 {[%clk 1:32:38]}
6. Bf4 {[%clk 1:29:47]} Nbd7 {[%clk 1:32:59]} 7. h3 {[%clk 1:29:04]} e6
{[%clk 1:32:06]} 8. Qb3 {[%clk 1:22:42]} Ra7 {[%clk 1:30:59]} 9. e3
{[%clk 1:20:18]} h6 {[%clk 1:28:45]} 10. Be2 {[%clk 1:18:05]} Be7
{[%clk 1:28:50]} 11. O-O {[%clk 1:04:42]} O-O {[%clk 1:28:50]} 12. Qd1
{[%clk 1:02:29]} Ne4 {[%clk 1:01:33]} 13. Nxe4 {[%clk 1:01:21]} Bxe4
{[%clk 1:01:33]} 14. b4 {[%clk 1:00:23]} Re8 15. a4 {[%clk 0:49:47]} Bf6
{[%clk 0:53:21]} 16. Bd6 {[%clk 0:49:47]} Be7 {[%clk 0:42:41]} 17. Bg3
{[%clk 0:38:50]} Bf6 18. Nd2 {[%clk 0:38:22]} e5 {[%clk 0:27:44]} 19. Nxe4
{[%clk 0:38:22]} dxe4 20. d5 {[%clk 0:36:25]} a5 {[%clk 0:27:40]} 21. dxc6
{[%clk 0:32:45]} bxc6 {[%clk 0:28:04]} 22. Qd6 {[%clk 0:28:57]} Re6
{[%clk 0:25:38]} 23. Qd2 {[%clk 0:28:59]} axb4 {[%clk 0:25:24]} 24. Qxb4
{[%clk 0:28:41]} Qa5 {[%clk 0:25:02]} 25. Qxe4 {[%clk 0:27:59]} Nxc5
{[%clk 0:22:13]} 26. Qc2 {[%clk 0:27:37]} e4 {[%clk 0:19:23]} 27. Rab1
{[%clk 0:27:57]} Nxa4 {[%clk 0:17:54]} 28. Rb8+ {[%clk 0:27:44]} Kh7
{[%clk 0:18:23]} 29. Bg4 {[%clk 0:26:38]} Rae7 {[%clk 0:16:56]} 30. Bxe6
{[%clk 0:26:00]} Rxe6 {[%clk 0:17:25]} 31. Rb7 {[%clk 0:23:49]} Kg8
{[%clk 0:16:35]} 32. Qd1 {[%clk 0:17:16]} Nc5 {[%clk 0:15:38]} 33. Bc7
{[%clk 0:16:46]} Qa2 {[%clk 0:14:24]} 34. Rb8+ {[%clk 0:17:03]} Kh7
{[%clk 0:14:53]} 35. Qh5 {[%clk 0:08:40]} Na6 {[%clk 0:12:59]} 36. Ra8
{[%clk 0:08:55]} Qc4 {[%clk 0:09:44]} 37. Qxf7 {[%clk 0:08:55]} Nxc7
{[%clk 0:09:19]} 38. Qxc7 {[%clk 0:09:18]} Re7 {[%clk 0:08:30]} 39. Qc8
{[%clk 0:09:33]} Be5 {[%clk 0:08:47]} 40. Qf5+ {[%clk 0:09:31]} g6
{[%clk 0:09:16]} 41. Qf8 {[%clk 0:09:41]} Rb7 {[%clk 0:07:29]} 42. Qe8
{[%clk 0:06:28]} Bc3 {[%clk 0:07:49]} 43. g3 {[%clk 0:06:03]} h5 {[%clk 0:06:15]}
44. Rd8 {[%clk 0:06:03]} Bg7 {[%clk 0:04:49]} 45. Rd6 {[%clk 0:06:02]} Rf7
{[%clk 0:04:25]} 46. Qxc6 {[%clk 0:06:23]} Qxc6 {[%clk 0:03:58]} 47. Rxc6
{[%clk 0:06:48]} h4 {[%clk 0:04:24]} 48. g4 {[%clk 0:06:42]} g5 {[%clk 0:04:05]}
49. Re6 {[%clk 0:07:03]} 1-0